Central Library OPAC University of Rajshahi

Maria Theresa : (Record no. 26068)

MARC details
000 -LEADER
fixed length control field 01131cam a22003131 4500
001 - CONTROL NUMBER
control field 26068
003 - CONTROL NUMBER IDENTIFIER
rucl marc code BD-RjUL
005 - DATE AND TIME OF LATEST TRANSACTION
control field 20211209050951.0
008 - FIXED-LENGTH DATA ELEMENTS--GENERAL INFORMATION
fixed length control field 140320r19521951enkc 001 0 eng
035 ## - SYSTEM CONTROL NUMBER
System control number (BD-RjUL)26138
System control number (OCoLC)1635119
040 ## - CATALOGING SOURCE
Original cataloging agency DLC
Transcribing agency F
Modifying agency OCoLC
-- Uk
-- DLC
-- BD-RjUL
Language of cataloging eng
041 ## - LANGUAGE CODE
Language code of text/sound track or separate title eng
082 ## - DEWEY DECIMAL CLASSIFICATION NUMBER
Classification number 923.1436
Author mark and year GOM 1952
100 1# - MAIN ENTRY--PERSONAL NAME
Personal name Gooch, G. P.
Fuller form of name (George Peabody),
Dates associated with a name 1873-1968.
9 (RLIN) 80102
245 10 - TITLE STATEMENT
Title Maria Theresa :
Remainder of title and other studies /
Statement of responsibility, etc. by G P Gooch.
260 ## - PUBLICATION, DISTRIBUTION, ETC. (IMPRINT)
Place of publication, distribution, etc. London ;
-- New York :
Name of publisher, distributor, etc. Longmans, Green,
Date of publication, distribution, etc. [Impression 1952].
300 ## - PHYSICAL DESCRIPTION
Pagination viii, 432 p. :
Illustrations ports. ;
Size 23 cm.
504 ## - BIBLIOGRAPHY, ETC. NOTE
Bibliography, etc Includes index.
600 00 - SUBJECT ADDED ENTRY--PERSONAL NAME
Personal name Maria Theresa,
Titles and other words associated with a name Empress of Austria,
Dates associated with a name 1717-1780.
Personal name Joseph
Titles and other words associated with a name Holy Roman Emperor,
Dates associated with a name 1741-1790.
Personal name Marie Antoinette,
Titles and other words associated with a name Queen, consort of Louis XVI, King of France,
Dates associated with a name 1755-1793
650 #0 - SUBJECT ADDED ENTRY--TOPICAL TERM
Topical term or geographic name as entry element Historiography.
9 (RLIN) 80106
Topical term or geographic name as entry element History
General subdivision Study and teaching.
9 (RLIN) 80107
856 41 - ELECTRONIC LOCATION AND ACCESS
Materials specified Table of contents only
Uniform Resource Identifier <a href="http://www.loc.gov/catdir/toc/fy1002/51014318.html">http://www.loc.gov/catdir/toc/fy1002/51014318.html</a>
942 ## - ADDED ENTRY ELEMENTS (KOHA)
Source of classification or shelving scheme Dewey Decimal Classification
Koha item type Books
Holdings
Lost status Source of classification or shelving scheme Damaged status Not for loan Collection code Permanent Location Current Location Shelving location Date acquired Source of acquisition Cost, normal purchase price Total Checkouts Full call number Date last seen Copy number Koha item type
  Dewey Decimal Classification   Added to bundle Non-fiction Central Library, University of Rajshahi Central Library, University of Rajshahi Reading Room 10/01/1956 Sipkim Marshell 1.50   923.1436 GOM 1952 20/03/2014 C-1 Books